LEADER 01094nam 2200397 450 001 9910465096403321 005 20200124142248.0 010 $a2-87586-025-9 035 $a(CKB)3710000000668050 035 $a(MiAaPQ)EBC5689225 035 $a(Au-PeEL)EBL5689225 035 $a(OCoLC)1086134371 035 $a(EXLCZ)993710000000668050 100 $a20200124d2014 uy 0 101 0 $afre 135 $aurcnu|||||||| 181 $ctxt$2rdacontent 182 $cc$2rdamedia 183 $acr$2rdacarrier 200 10$aN'est pas commercial qui veut /$fMichel Vanvaerenbergh 210 1$aHe?villers :$cKer E?ditions,$d[2014] 210 4$dİ2014 215 $a1 online resource (11 pages) 225 0 $aParoles ae?riennes 606 $aAir pilots$vAnecdotes 608 $aElectronic books. 615 0$aAir pilots 676 $a363.124 700 $aVanvaerenbergh$b Michel$0858429 801 0$bMiAaPQ 801 1$bMiAaPQ 801 2$bMiAaPQ 906 $aBOOK 912 $a9910465096403321 996 $aN'est pas commercial qui veut$92133359 997 $aUNINA